Case and scrambling : D-structure versus S-structure
| Published in: | Studies in comparative Germanic syntax, ed. by Hubert Haider, Susan Olsen and Sten Vikner, Dordrecht [etc.], 1995, p. 139-158 (Studies in natural language and linguistic theory) |
|---|---|
| Main Authors: | , |
| Content type: | Article |
| Published: |
1995
|
| Source: | MPIPL_cat |
MARC
| LEADER | 00000naa a2200000 u 4500 | ||
|---|---|---|---|
| 001 | PL0064573 | ||
| 003 | PLI01000000000000000062771 | ||
| 005 | 00000000000000.0 | ||
| 008 | ||| u | ||
| 100 | 1 | |a Hoop, Helen de | |
| 245 | 0 | 0 | |a Case and scrambling |b D-structure versus S-structure |c Helen de Hoop and Wim Kosmeijer |
| 260 | |c 1995 | ||
| 700 | 1 | |a Kosmeijer, Wim | |
| 773 | 0 | 8 | |t Studies in comparative Germanic syntax |a ed. by Hubert Haider, Susan Olsen and Sten Vikner |d Dordrecht [etc.], 1995 |g p. 139-158 |k Studies in natural language and linguistic theory |w MPIPL_cat.PL0063202 |z 0-7923-3280-6 |i In: |
| 952 | |j 1995 |h p. 139-158 | ||
| 996 | |a Aufsatz | ||
| 997 | |a book chapter | ||